|
|
|
|
| LEADER |
01028nam a22002532a 4500 |
| 001 |
000087553 |
| 003 |
CZ BrMZK |
| 005 |
20201201094301.0 |
| 007 |
ta |
| 008 |
950101s1975 gw f eng d |
| 040 |
|
|
|a BOA001
|b cze
|e aacr2
|
| 245 |
0 |
0 |
|a Torts.
|n Vol. 11, Chapter 4,
|p Private and governmental liability for the torts of employees and organs /
|c chief editor André Tunc ; Gyula Eörsi
|
| 246 |
3 |
0 |
|a Private and governmental liability for the torts of employees and organs
|
| 260 |
|
|
|a Tübingen :
|b J.C.B. Mohr (Paul Siebeck),
|c 1975
|
| 300 |
|
|
|a 157 s. ;
|c 28 cm
|
| 490 |
1 |
|
|a International Encyclopedia of Comparative Law
|
| 500 |
|
|
|a Název z obálky
|
| 504 |
|
|
|a Obsahuje bibliografie
|
| 700 |
1 |
|
|a Tunc, André,
|d 1917-1999
|7 xx0190623
|4 edt
|
| 700 |
1 |
|
|a Eörsi, Gyula,
|d 1922-1992
|7 xx0093367
|4 aut
|
| 830 |
|
0 |
|a International Encyclopedia of Comparative Law
|
| 910 |
|
|
|a BOA001
|b 3-0678.499,11/4
|
| 990 |
|
|
|a BK
|
| 996 |
7 |
|
|b 2619984689
|c 3-0678.499,11/4
|l MZK
|r Sklad / do 1 hodiny
|n 0
|w 000087553
|u 000010
|a 1
|e BOA001
|j MZK50
|s A
|